| 000 | 00737nam a2200265 a 4500 | ||
|---|---|---|---|
| 003 | AR-BaBNM | ||
| 005 | 20251128203212.0 | ||
| 008 | 082120s2002 ||||||||||||||000 | spa|| | ||
| 040 | _cAR-BaBNM | ||
| 100 | 1 | _aDe Brigode, Gérard | |
| 245 | 0 | 0 | _aL'architecture scolaire |
| 250 | _a1ª ed. | ||
| 260 |
_aParís _bPresses Universitaires de France _c1966 |
||
| 300 |
_a134 p. _bil., diagr. |
||
| 490 | 0 |
_aL'Educateur _vv. 5 |
|
| 504 | _aBibliografía: p. 129-131 | ||
| 650 | 4 | _aNORMAS DE CONSTRUCCION | |
| 650 | 4 | _aDISEÑO ARQUITECTONICO | |
| 653 | _aARQUITECTURA ESCOLAR | ||
| 653 | _aESPACIOS EDUCATIVOS | ||
| 700 | 1 |
_aHotyat, Fernando _eprologuista |
|
| 800 | 1 |
_aMialaret, Gaston _edirector |
|
| 942 | _cBK | ||
| 998 | _cSILVI | ||
| 999 |
_c2365 _d2365 |
||